| 000 | 00480cam a2200205ua 4500 | ||
|---|---|---|---|
| 001 | 8628 | ||
| 005 | 20260515114346.0 | ||
| 008 | 150210n ii |||gr||||Z||||||eng | ||
| 020 | _a8175810939 | ||
| 040 | _cMAIN | ||
| 041 | _aeng | ||
| 082 | _a821 | ||
| 100 |
_aLall, R., _eAuthor. |
||
| 245 | 1 |
_aGeoffrey Chaucer the nun`s priest`s tale _cBy Ramji Lall |
|
| 250 | _a18th. | ||
| 260 |
_aNew Delhi: _bRama, _c2001. |
||
| 300 | _a164p. | ||
| 653 | _aEnglish poetry | ||
| 942 | _cBK | ||
| 999 |
_c7720 _d7720 |
||